| Tag |
First Indicator |
Second Indicator |
Subfields |
| LEADER |
00000nam a2200000Ia 4500 |
| 001 |
in00004334849 |
| 005 |
20200812094056.0 |
| 006 |
m g d |
| 007 |
cr bn |||a|bb| |
| 008 |
090410s1646 enka o 000 0 eng d |
| 040 |
|
|
|a UMI
|c UMI
|e dcrb
|d UMI
|
| 035 |
|
|
|a (OCoLC)318212050
|
| 037 |
|
|
|a CL0037000131
|b ProQuest, 789 E. Eisenhower Parkway, Ann Arbor, MI 48108-3218
|
| 090 |
|
|
|a Z56
|b .R53 1646
|
| 049 |
|
|
|a UMIA
|
| 100 |
1 |
|
|a Rich, Jeremiah,
|d d. 1660?
|
| 245 |
1 |
0 |
|a Charactery, or, A most easie and exact method of short and swift writing :
|b whereby sermons or speeches may be exactly taken, word for word from the mouth of the speaker with much ease and speed : the full understanding of this art is easily attained in one weeks time, by the help of this book only /
|c invented and exactly composed by Jeremiah Rich, teacher of the said art in St. Olives Parish in Southwark, at one Mris. Williams a mid-wife.
|
| 246 |
3 |
0 |
|a Most easie and exact method of short and swift writing
|
| 260 |
|
|
|a London :
|b Printed by Peter Cole at the sign of the printing presse in Cornhil neer the Royal Exchange,
|c 1646.
|
| 300 |
|
|
|a 1 online resource ([4], 20 pages :
|b illustrations.
|
| 336 |
|
|
|a text
|b txt
|2 rdacontent
|
| 337 |
|
|
|a computer
|b c
|2 rdamedia
|
| 338 |
|
|
|a online resource
|b cr
|2 rdacarrier
|
| 500 |
|
|
|a Imperfect: torn, stained, tightly bound, and with print show-through and loss of text.
|
| 500 |
|
|
|a Reproduction of original in: Library of Congress.
|
| 510 |
4 |
|
|a Wing (2nd edition),
|c R1339
|
| 533 |
|
|
|a Electronic reproduction.
|b Ann Arbor, Mich. :
|c UMI,
|d 1999-
|f (Early English books online)
|n Digital version of: (Early English Books, 1641-1700 ; 2943:5)
|7 s1999 miun s
|
| 650 |
|
0 |
|a Shorthand
|v Early works to 1800.
|
| 830 |
|
0 |
|a Early English books online.
|
| 856 |
4 |
0 |
|u http://proxy.library.tamu.edu/login?url=https://search.proquest.com/docview/2248554178
|z Connect to the full text of this electronic book
|t 0
|
| 994 |
|
|
|a 02
|b UMI
|
| 999 |
f |
f |
|s 55d4883b-1861-3784-8601-7f04b7698505
|i 021e22e5-5e6d-3122-bb6d-4ff5c2779fb1
|t 0
|
| 952 |
f |
f |
|a Texas A&M University
|b College Station
|c Electronic Resources
|d Available Online
|t 0
|e Z56 .R53 1646
|h Library of Congress classification
|
| 998 |
f |
f |
|a Z56 .R53 1646
|t 0
|l Available Online
|